[Event "Hoogovens-B"]
[Site "Wijk aan Zee"]
[Date "1997.01.30"]
[Round "8"]
[White "Janssen, Ruud"]
[Black "Atalik, Suat"]
[Result "1-0"]
[WhiteElo "2350"]
[BlackElo "2555"]
[Annotator "Atalik,S"]
[PlyCount "123"]
[EventDate "1997.01.21"]
[EventType "tourn"]
[EventRounds "11"]
[EventCountry "NED"]
[EventCategory "10"]
[SourceTitle "CBM 057"]
[Source "ChessBase"]
[SourceDate "1997.04.01"]
[SourceVersion "1"]
[SourceVersionDate "1997.04.01"]
[SourceQuality "1"]

1. e4 c5 2. Nf3 Nc6 {Normalde bu konumda 2...d6 oynuyorum.Fakat genelde 3.Fb5
sonrasi gelen fil kirismasi beraberlige meyilli oldugu icin bu yolu tercih
ettim.} 3. Bb5 g6 4. O-O Bg7 5. Re1 Nf6 6. e5 Nd5 7. Nc3 Nc7 8. Bxc6 dxc6 9.
Ne4 {[#] Oyunun ilginc noktasina geldik.Burada ki iki hamle 9...Ae6 ve 9...b6
bana pasif gozuktuler.Boylece daha evvel hic oynanmamis cok kuvvetli bir
yeniligi masa basinda buldum.} Bg4 $6 $146 {Oyundan sonra GM Nigel Short GM
Vladimir Kramnik in bu yeniligi dusundugunu fakat iyi olmadigina inandigini
belirtti.} 10. Nxc5 (10. Nf6+ Bxf6 11. exf6 Ne6 12. fxe7 Qd5 13. Re3 Nd4 $44)
10... Qd5 11. d4 O-O (11... Bxf3 $2 {Bu varyantin iyi olmadigini anlamam uzun
surdu.} 12. Qxf3 Qxd4 13. Nxb7 Qb6 14. Nd6+ $3 exd6 15. exd6+ Ne6 16. d7+ Ke7
17. Bg5+ f6 18. Rxe6+ Kxe6 19. Qg4+ Ke7 $8 (19... Kf7 20. Qc4+ Kf8 21. Be3) (
19... Kd6 20. Bf4+) 20. Re1+ Kd8 21. Bf4 $3 (21. Qe6 $2 Kc7 22. Qe7 Rhd8 23.
Bf4+ Kb7 24. Qxg7 Qb4 $17) 21... Qa5 (21... c5 22. Qf3 Rb8 23. Bxb8 Qxb8 24.
Qc6 $18) (21... f5 22. Qe2 Kxd7 23. Qe6+ Kd8 24. Qe7+ (24. Qd6+ Kc8 25. Re7 Rd8
26. Qe6+)) (21... Qb7 22. Qe2 Qxd7 23. Rd1) 22. Qe2 $1 $18 (22. Re8+ $2 Rxe8
23. dxe8=Q+ Kxe8 24. Qe6+ Kd8 25. Qd6+ Ke8 (25... Kc8 $2 26. Qxc6+) 26. Qxc6+
Kf7 27. Qb7+ Ke6 $11)) (11... O-O-O $5 12. c3 b6 (12... Bxe5 $4 13. Rxe5 Qxe5
14. Qb3 $18) 13. Nd3 (13. Ne4 c5) 13... c5 14. Be3 Ne6 15. Qa4 $1 $40) 12. c3
Ne6 $1 13. Ne4 (13. Nxe6 fxe6 $40) 13... Rfd8 (13... Rad8 14. h3 Bf5 15. Ng3 c5
16. Nh4 $1 Bxe5 17. Ngxf5 gxf5 18. Nxf5 (18. Qh5 Ng7 (18... cxd4 19. Nxf5 Kh8
20. c4 Qa5 21. b4 Qc7 (21... Qxb4 22. Rxe5 Qc3 23. Rb1 Qc2 24. Reb5) 22. Nh6)
19. Nxf5 Nxh5 20. Nxe7+ Kh8 21. Nxd5 Bg7 22. c4 b5 (22... cxd4 23. Bg5 f6 24.
Bh4 $16)) 18... Bh2+ 19. Kxh2 Qxf5 20. Bh6 Rfe8 $13) 14. h3 Bf5 15. Ng3 c5 16.
Nh4 $1 {Holanda Gencler Sampiyonunun bu hamlesi oldukca guclu.} Bxe5 17. Ngxf5
gxf5 18. Qh5 $1 Ng7 $8 {[#]} (18... Bf6 19. Nxf5 cxd4 20. c4 Qxc4 21. Nh6+ $18)
19. Nxf5 $1 Nxh5 (19... Bh2+ 20. Kxh2 Qxf5 21. Qxf5 Nxf5 22. dxc5 $18) (19...
Nxf5 20. Rxe5 $18) 20. Nxe7+ Kf8 (20... Kh8 21. Nxd5 Bg7 22. c4 $16) 21. Nxd5
Bg7 22. c4 $1 Bxd4 (22... cxd4 23. b3) (22... b5 23. Nc7 Rac8 24. Nxb5 cxd4 25.
b3) 23. Bh6+ Kg8 24. g4 (24. Rad1) 24... Nf6 25. Bg5 Kg7 26. Rad1 $1 {Ruud
Janssen atagi buyuk bir gucle surduruyor.} Bxb2 27. Rb1 $5 (27. Re2 $1 Nxd5 (
27... Kg6 28. h4 Nxd5 29. Bxd8 Bd4) 28. Bxd8 Nc3 (28... Bd4 29. Ba5 (29. Re8
Nc7) 29... Nf4 30. Re4 Nxh3+ 31. Kg2 Ng5 32. Re7 b6 $16) 29. Bf6+ Kxf6 30. Rd6+
Kg7 31. Rxb2 $18) 27... Bd4 28. Bxf6+ Bxf6 29. Rxb7 Rdb8 30. Rc7 $1 (30. Reb1
Rxb7 31. Rxb7 Re8 (31... Bd4 32. Nc7 $18 Re8) 32. Rxa7 Re1+ 33. Kg2 Bd4 $16)
30... Bd4 31. Ree7 Rb1+ 32. Kg2 Rf8 33. Ne3 $1 {Son darbe.} a5 34. Nf5+ Kg6 35.
Rc6+ Bf6 36. Rd7 (36. Ra7 $1 Re8 37. Rxa5 $18 {Daha basitti}) 36... Re8 37.
Rdd6 $2 {Beyazlar zeitnotta hata yapiyorlar.} (37. Rxc5 a4 (37... Rb2 38. h4
Ree2 39. h5+ Kg5 40. Nd4+) 38. Rcc7) 37... Re6 38. Rxe6 fxe6 39. Rxe6 Rb2 40.
Rc6 $6 (40. Nd6 Kg7 41. Ne8+ Kf7 42. Rxf6+ Kxe8 43. Rh6 Rxa2 44. Rxh7 Ra4 45.
g5 $18) 40... Rxa2 41. Rxc5 a4 42. Ra5 h5 $1 {Beyazlarin zeitnottaki kotu
oyunlari neticesinde siyahlar beraberlige cok yaklastilar.} 43. c5 hxg4 44.
hxg4 Bc3 45. Ra6+ Kg5 {[#]} 46. Re6 $3 (46. c6 Be1 47. Kf1 Bxf2 48. c7 Rc2 49.
Nd6 Rxc7 50. Kxf2 Kxg4 $11) 46... Kxg4 (46... Kf4 47. c6 Rc2 (47... Be5 48. Ne3
$18) 48. Ne3 Rc1 49. Nd5+ Kxg4 50. Re4+ Kf5 51. Rc4) 47. Ne3+ Kg5 $1 48. c6 Be1
49. Kf1 $1 (49. Nd1 Bxf2 $3 50. Nxf2 Rc2 51. Kf3 Kf5 52. Rh6 a3 53. Nd1 Kg5 $11
) 49... Bb4 50. Re5+ Kg6 51. Re4 $1 $18 {c erinin arkasina gecen kale oyunu
belirliyor.} Ba5 52. Rc4 a3 53. c7 Bxc7 54. Rxc7 Rb2 55. Ra7 a2 56. Kg2 Rd2 57.
Nc4 Rc2 58. Ne5+ Kf5 59. Nd3 Ke4 60. Nb4 Rb2 61. Nxa2 Kd3 62. Ra4 1-0

[Event "Olympiad-36"]
[Site "Mallorca"]
[Date "2004.10.25"]
[Round "10"]
[White "Vasquez Schroder, Rodrigo Rafael"]
[Black "Nokes, Roger I"]
[Result "0-1"]
[WhiteElo "2546"]
[BlackElo "2333"]
[Annotator "Atlas,V"]
[PlyCount "96"]
[EventDate "2004.10.15"]
[EventType "team-swiss"]
[EventRounds "14"]
[EventCountry "ESP"]
[SourceTitle "CBM 104"]
[Source "ChessBase"]
[SourceDate "2005.01.27"]
[SourceVersion "1"]
[SourceVersionDate "2005.01.27"]
[SourceQuality "1"]
[WhiteTeam "Chile"]
[BlackTeam "New Zealand"]
[WhiteTeamCountry "CHI"]
[BlackTeamCountry "NZL"]

1. e4 c5 2. Nf3 Nc6 3. Bb5 g6 4. O-O Bg7 5. c3 Nf6 6. Re1 O-O 7. d3 a6 8. Ba4
b5 9. Bb3 d6 10. h3 Qc7 11. Nbd2 Bb7 12. Nf1 Rad8 13. Ng3 e5 14. Bg5 h6 15.
Bxf6 Bxf6 16. Bd5 Bc8 17. a4 Ne7 18. Ba2 Bg7 19. axb5 axb5 20. Nf1 d5 21. Qe2
dxe4 22. dxe4 c4 23. b3 Be6 24. bxc4 bxc4 25. Red1 Nc8 26. Ne3 Nb6 27. Rab1 Rd3
28. Rb4 Ra8 29. Rdb1 Na4 30. Nxc4 Nxc3 31. Qxd3 Nxa2 32. Ne3 Nxb4 33. Rxb4 Bf8
34. Rb1 Ra3 35. Qb5 Ra2 36. Qe8 Qe7 37. Qb5 Qc5 38. Nxe5 $4 ({This careless
move is severely punished by Black. Correct was} 38. Qxc5 Bxc5 39. Nxe5 Bxe3
40. fxe3 Ra4 {, with equality.}) {[%tqu "En","White's last move was a serious
mistake. How would you prove it?","Exploit a weakness of White's back rank and
a shaky position of the white queen.","Use your rook to highlight the poor
coordination between White's pieces.","a2a1","A convincing refutation of
White's last move. Black gets a decisive material advantage.",5]} 38... Ra1 $1
{[%csl Ga1,Rb1,Rb5,Gc5,Re5,Rg1] Winning a piece and the game.} 39. Kh2 ({If} 
39. Qxc5 $2 {, then} Rxb1+ 40. Kh2 Bxc5 {, winning a rook.}) 39... Rxb1 40.
Qxb1 Qxe5+ {White has no compensation for a piece.The rest needs no comments.}
41. g3 Qh5 42. g4 Qe5+ 43. Kg2 Bd6 44. Nf1 Qd4 45. Qc2 Bc4 46. Nd2 Bd3 47. Qc8+
Kg7 48. Qe8 Bc5 0-1

[Event "USA-CHN Summit"]
[Site "Seattle"]
[Date "2001.03.16"]
[Round "3.10"]
[White "Schneider, Dmitry"]
[Black "Ni, Hua"]
[Result "0-1"]
[WhiteElo "2404"]
[BlackElo "2534"]
[Annotator "Atlas,V"]
[PlyCount "74"]
[EventDate "2001.03.14"]
[EventType "team"]
[EventRounds "4"]
[EventCountry "USA"]
[SourceTitle "CBM 082"]
[Source "ChessBase"]
[SourceDate "2001.05.17"]
[SourceVersion "1"]
[SourceVersionDate "2001.05.17"]
[SourceQuality "1"]
[WhiteTeam "US of America"]
[BlackTeam "China"]
[WhiteTeamCountry "USA"]
[BlackTeamCountry "CHN"]

1. e4 c5 2. Nf3 Nc6 3. Bb5 g6 4. O-O Bg7 5. c3 Nf6 6. Re1 O-O 7. d4 d5 8. e5
Ne4 9. Bxc6 bxc6 10. dxc5 Nxc5 11. Be3 Ne6 12. Nbd2 Qc7 13. Nb3 Rb8 14. Qd2 c5
15. Bh6 Rd8 16. h4 Bh8 17. h5 a5 18. hxg6 hxg6 19. Ng5 a4 20. Nc1 d4 21. c4
Bxe5 22. Nxe6 Bxe6 23. Nd3 Bd6 24. Rxe6 fxe6 25. Re1 Rb6 26. Qg5 Kf7 27. Qg4
Rh8 28. Bd2 Qc8 29. Re5 Rxb2 30. Qf4+ Kg7 31. Nxb2 Qb8 32. Qe4 Bxe5 33. Nd3
Qb1+ 34. Bc1 {[%tqu "En","Black is very close to victory. How can he achieve
it?","Use the weakness of the back rank.","Exploit the shaky position of the
white bishop.","e5h2","That's right. This intermediate check is the best move
in this posistion.",4]} Bh2+ 35. Kf1 {[%tqu "En","How to conclude the game
now?","Both white minor pieces are pinned. Play energetically not to allow
White any time for defence.","Use your bishop!","h2f4","This is very simple
and very neat.",4]} Bf4 $1 {[%csl Rc1,Rd3,Re4,Rf1][%cal Gb1f1,Gb1e4,Gf4c1,
Gh8h1] Very neat! Now the game is over.} 36. Ke2 ({Or} 36. Qxf4 Qxd3+ 37. Kg1 (
37. Ke1 Rh1#) 37... Qd1#) 36... Bxc1 37. Qe5+ Kf7 0-1

[Event "RUS-chT 07th"]
[Site "Smolensk"]
[Date "2000.04.19"]
[Round "5"]
[White "Poluljahov, Aleksandr"]
[Black "Lopushnoy, Denis"]
[Result "1-0"]
[WhiteElo "2526"]
[BlackElo "2420"]
[Annotator "Avrukh,B"]
[PlyCount "57"]
[EventDate "2000.04.15"]
[EventType "team-tourn"]
[EventRounds "11"]
[EventCountry "RUS"]
[SourceTitle "CBM 077"]
[Source "ChessBase"]
[SourceDate "2000.07.27"]
[SourceVersion "1"]
[SourceVersionDate "2000.07.27"]
[SourceQuality "1"]
[WhiteTeam "Maykop Universitet"]
[BlackTeam "Novokuznetsk"]
[WhiteTeamCountry "RUS"]
[BlackTeamCountry "RUS"]

1. e4 c5 2. Nf3 Nc6 3. Bb5 g6 4. O-O Bg7 5. Re1 Nf6 6. c3 O-O 7. h3 h6 $6 $146
{Black has such a lot options in this position,but last black move is a
novelty,and as it often happened not a good move.For me it's very difficult to
find any idea of this move.} (7... Qc7 8. d4 cxd4 9. cxd4 (9. Bxc6 $5 Qxc6 (
9... dxc6 10. cxd4 Rd8 11. Qc2 $14) (9... bxc6 $142 10. cxd4 d6 $13) 10. e5 Nd5
11. Nxd4 Qa6 12. Qb3 Nc7 13. Bg5 Re8 14. Nd2 $16 {1-0 Tseitlin,M-Matulovic,M/
Kragujevac 1974/EXT 99 (35)}) 9... d5 10. e5 Ne4 11. Nc3 $2 (11. Be3 $142 {
[%cal Gb1d2]}) 11... Nxc3 12. bxc3 Na5 {[%csl Gc3,Gc4]} 13. Ba3 Bd7 14. Bd3
Rae8 15. Qd2 Nc4 16. Bxc4 Qxc4 $15 {0-1 Christiansen,L-Gurevich,D/Salt Lake
City USA 1999 (60)}) (7... Ne8 8. d4 (8. Na3 Nc7 9. Bxc6 bxc6 10. d3 Ne6 11.
Ng5 d6 12. Nc4 Rb8 13. Qa4 Qc7 14. Re2 Nxg5 15. Bxg5 h6 16. Be3 Bd7 $11 {
0-1 David,A-Rotstein,A/FRA 1993/TD (31)}) 8... cxd4 9. cxd4 Nc7 10. Ba4 d5 11.
e5 Bf5 12. Nc3 Rc8 13. Bxc6 bxc6 14. Na4 Ne6 15. Ng5 $1 $16 {[%csl Gc5] 1-0
Campora,D-Agopov,M/Andorra 1999 (32)}) 8. d4 d5 9. e5 (9. exd5 Qxd5 (9... Nxd5
10. dxc5 $16) 10. c4 (10. Bxc6 $143 Qxc6 11. Rxe7 Be6 12. Ne5 Qc8 {[%csl Ge7]})
10... Qd6 11. d5 Na5 $13) 9... Ne4 10. Bxc6 {A significant inaccuracy,after
which black missed an opportunity to get a good counterplay.} (10. dxc5 $1 Nxc5
11. Be3 Ne4 12. Nbd2 Bf5 13. Bxc6 bxc6 14. Nd4 Qd7 15. N2b3 {[%cal Gf2f3] with
clear advantage for white}) 10... bxc6 11. Nbd2 Nxd2 $2 (11... cxd4 12. cxd4
Bf5 $1 13. Nb3 (13. Nh4 $140 Be6 14. Nxe4 dxe4 15. Rxe4 c5 $44) 13... a5 {
[%cal Ga5a4]} (13... Qb6 $5) 14. Nc5 Qb6 $132) 12. Bxd2 Qb6 13. b3 Bd7 14. Qc1
$1 {[%csl Gh6][%cal Gc1a3]} Kh7 15. Qa3 cxd4 {The opening part of the game was
clearly finished in white favour.Black got a very passive position without any
real counterplay and now white starts to seize the initiative gradually.} 16.
cxd4 $16 {[%csl Ge7]} Rfe8 17. Rac1 Bf8 18. Rc5 Reb8 (18... e6 $2 {[%csl Gf6]}
19. Qc1 Bxc5 $140 20. dxc5 Qb5 21. Bxh6 $18 {and black is hopeless against
white attack by black squares.}) 19. Qc1 Bg7 {It's difficult to advice
something else for black,so they has to wait passively.} 20. Qc2 {[%cal Ge5e6]}
Bf5 21. Qc3 Rc8 22. Nh4 Bd7 $2 (22... Be6 $142 23. Rc1 Bd7 24. Qd3 $16 {
[%cal Gc1c3,Gd3c2,Gc3g3]} a5 $140 $2 25. a4 {[%csl Ga5]}) 23. e6 $1 {[%csl Gg6]
[%mdl 128]} Bxe6 24. Rxe6 fxe6 25. Qd3 $18 {[%csl Gg6]} Qd8 (25... Rf8 26. Nxg6
(26. Qxg6+ Kh8 27. Bxh6 Bxd4 $13) 26... Rf6 27. Nf8+ (27. Nxe7+ Kh8 28. Ng6+
Kg8 29. Ne5) (27. Rxc6 Rxg6 28. Rxb6 axb6 29. h4 h5 30. a4 $16) 27... Kg8 28.
Nd7 Qb7 29. Nxf6+ exf6 30. Qg6 Qf7 31. Qg3 $18 {[%cal Gd2h6,Gc5c6]}) 26. Qxg6+
Kh8 27. Rc3 $5 (27. Bxh6 Qg8 28. Qh5 Bxh6 29. Qxh6+ Qh7 30. Ng6+ Kg8 31. Qg5
Kf7 32. Nxe7 $18) 27... Qe8 (27... Qf8 28. Rf3 Bf6 29. Bxh6 Qg8 (29... Qe8 30.
Rxf6) 30. Qh5 $18) 28. Qxe6 Bf6 29. Rg3 (29. Rg3 c5 30. Ng6+ Kh7 31. Qf5 $18)
1-0

[Event "Cannes masters k.o."]
[Site "Cannes"]
[Date "2000.02.19"]
[Round "1.1"]
[White "Kogan, Artur"]
[Black "Pira, Davoud"]
[Result "1-0"]
[WhiteElo "2483"]
[BlackElo "2450"]
[Annotator "Avrukh,B"]
[PlyCount "63"]
[EventDate "2000.02.19"]
[EventType "k.o."]
[EventRounds "5"]
[EventCountry "FRA"]
[SourceTitle "CBM 076"]
[Source "ChessBase"]
[SourceDate "2000.05.31"]
[SourceVersion "1"]
[SourceVersionDate "2000.05.31"]
[SourceQuality "1"]

{[%mdl 8904]} 1. e4 c5 2. Nf3 Nc6 3. Bb5 g6 4. O-O Bg7 5. Re1 Nf6 6. d4 cxd4 7.
e5 (7. Nxd4 $6 O-O 8. Nc3 a6 9. Bf1 d6 10. h3 Nxd4 11. Qxd4 Be6 $11 {0-1 Romao,
A-Frois,A/POR-chT 1993 (27)}) 7... Nd5 8. Bxc6 dxc6 (8... bxc6 $143 9. Qxd4 O-O
(9... Qb6 10. Qh4 h6 11. Na3 $6 {[%csl Ra3] 0-1 Pritulina,S-Piarnpuu,L/Tallinn
1999/EXT 2000 (55)} (11. c4 Nc7 12. Nc3 Ne6 13. b3 $14)) 10. c4 Nc7 11. Qh4 Ne6
12. Bh6 f6 13. Bxg7 Kxg7 14. Nd4 $1 $14 {and white has visible space advantage.
}) 9. Qxd4 {.} Bf5 $146 (9... Qb6 10. Qh4 $1 {White prepares to meet ...0-0
with Bh6.} h6 $1 {This is a standard way to play against Bh6 before castling.}
11. Na3 $5 g5 $6 (11... Bf5 $5 {See the game.}) 12. Qe4 $14 {1-0 Yurtaev,
L-Lopushnoy,D/Tomsk 1998/CBM 67/ (20)}) (9... O-O $2 10. Qh4 Qa5 11. Bh6 {
[%csl Rg8,Rh7][%cal Gf3g5] white has a strong pressure on kingside.} Qb4 12. c4
Nb6 (12... Qxb2 13. Nbd2 Nc3 14. Ng5 Ne2+ 15. Kf1 Qd4 16. Nde4 f6 17. exf6 Bxf6
18. Rad1 $18 {[%csl Rd4,Re2,Rf8]}) 13. Nbd2 Rd8 14. b3 Bf5 15. Ne4 Nd7 16. Neg5
$16 {1-0 Velasquez Ojeda,C-Silva,S/Santiago 1993/EXT 99 (30)}) 10. Na3 h6 11.
Qh4 g5 $6 (11... Qb6 $142 12. c4 (12. Nc4 $5 Qa6 (12... Qb4 13. Bd2) 13. b3
Bxc2 {[%cal Rc2b3]} 14. Bb2 {[%cal Ge5e6]} O-O 15. e6 fxe6 16. Bxg7 Kxg7 17.
Rxe6 $44 {[%csl Rg7]}) 12... Nb4 13. Be3 (13. c5 Qxc5 14. Be3 Qa5 15. Bd2 c5
16. Nc4 Qb5 $15) 13... c5 $13 {[%csl Ra3,Re8]}) 12. Qg3 Qb6 13. Nc4 Qb4 $2 (
13... Qa6 $142 14. b3 Bxc2 15. Bb2 $44) 14. b3 {[%cal Gc1a3] Now bishop will
developing with tempo.} O-O-O 15. Ba3 Qc3 16. Bb2 (16. e6 $143 $2 Qxc2 (16...
Bxe6 $2 17. Bb2 $18 {[%cal Rb2g7]}) 17. Rac1 Qxa2 $17) 16... Qxc2 {[%cal Rc1c8]
White sacrifices the pawn but now the line c is opened  against oponent's king.
} 17. Rac1 Qd3 18. e6 $1 Bxb2 19. Nxb2 Qa6 20. exf7 $36 {[%csl Gf7][%cal Gf7f8]
} Nf4 {[%cal Gf4e2]} (20... Rhf8 $2 21. Ne5 Nf4 22. Qf3 {[%cal Ge5c6]} Kb8 23.
g3 Nh3+ 24. Kg2 Bc8 (24... e6 25. Rcd1 Ka8 26. Rxd8+ Rxd8 27. Nd7 Qa3 {[%tqu
"En","Show the fastest way to win.","","","f3f5","",5]} 28. Qxf5 $1 exf5 29.
Re8 Rxe8 30. fxe8=Q#) 25. Rcd1 Rxd1 26. Rxd1 Qxa2 27. Nd7+ Bxd7 28. Rxd7 Qxb2
29. Rxe7 $18) ({Probably better ...} 20... Qxa2 $5 21. Qe5 {[%cal Re5f5,Ge5b2]}
Bg4 22. Nd4 $1 ({Only for a draw leads...} 22. Ra1 $2 Qxb3 23. Rxa7 Bxf3 24.
Ra8+ Kd7 25. Na4 (25. Qxh8 Rxh8 26. Rxh8 Qc3 $1 27. Rd8+ Kxd8 (27... Kc7 $2 28.
Nd3 $1 $18) 28. f8=Q+ Kc7 29. Rxe7+ Nxe7 30. Qxe7+ Kb8 31. Qd8+ Ka7 32. gxf3
Qxb2 33. Qa5+ $11 {[%cal Ra5d8]}) 25... Qb4 26. Qf5+ Kc7 27. Rb1) 22... Qxb2 (
22... Rhf8 23. Nc4 $1 {[%cal Gc1a1]} Rxf7 24. f3 Bh3 25. gxh3 (25. Rc2 $18)
25... Nf4 26. Rc2 Nxh3+ 27. Kh1 Nf2+ 28. Kg2 $18) 23. Nxc6 Qxe5 24. Nxe5+ Kb8
25. Nxg4 $16 {[%csl Gf7] With good chances for win because of the strong pawn
on f7.}) 21. Nc4 Qxa2 $6 (21... Be6 $144 22. Rxe6 Nxe6 23. Qg4 c5 24. Re1 Kd7
25. Rxe6 $1 $18) (21... e6 $5 22. a4 $1 {[%csl Ra6,Gf7][%cal Gf3e5]} (22. h4 $5
Qxa2 23. hxg5 hxg5 24. Nxg5 Ne2+ 25. Rxe2 Qxe2 26. Nd6+ Kd7 27. Nxb7 Qd2 {
[%cal Rd2g5,Rd2c1]} 28. Ra1 $16 {[%csl Gd7]} (28. Qe3 Qxe3 29. fxe3 Rdf8 30. e4
Bg4 31. Nc5+ Ke7 $17)) (22. Nfe5 Qxa2) 22... Bd3 23. Nfe5 (23. Nce5 Rhf8 {
[%cal Gf4e2]}) 23... Bxc4 (23... Ne2+ 24. Rxe2 Bxe2 25. Ng6 Bxc4 26. Nxh8 Rxh8
27. Qd6 $16) 24. bxc4 Rhf8 25. Qa3 $16 {[%cal Ga3e7]}) 22. Rxe7 $16 {[%csl Gc4,
Rc8,Ge7,Gf7][%cal Gg3b8]} Qxb3 (22... Ne2+ 23. Rxe2 Qxe2 24. Nd6+ Kb8 (24...
Rxd6 25. Qxd6 $18 {[%cal Gf7f8]}) (24... Kd7 25. Nxf5 $18) 25. Nb5+ Ka8 26.
Nc7+ {[%cal Gc7a6,Gg3b8,Ga6c7] With mate.}) 23. h4 Be6 (23... Rd1+ $142 24.
Rxd1 (24. Kh2 $2 Rxc1 25. Nd6+ (25. Re8+ Kc7 26. hxg5 hxg5+ 27. Rxh8 Qd1 {
and black winning.}) 25... Kb8 26. Re8+ Kc7 27. Rxh8 Qb1 28. Ne8+ Kb6 29. Ng1
Rxg1 30. Qe3+ c5 $8 $17) 24... Qxd1+ 25. Kh2 Bd7 26. Re4 $1 {[%cal Ge4f4]} (26.
Nfe5 $4 Ne2 {[%cal Gd1g1]}) (26. Nce5 $2 Ne2 27. Rxd7 Qxd7 28. Nxd7 Nxg3 29.
f8=Q+ Rxf8 30. Nxf8 Ne4 $1 {[%csl Ga7][%cal Ga7a5,Re4f2,Ye4g5] Still not so
clear if white can win this ending .Black has very dangerous pawn a and
another factor for a draw -- 2 knights that could not mate the king!} (30...
Ne2 $2 31. hxg5 hxg5 32. Nxg5 a5 33. Nf3 $18 {[%csl Gf2,Gg2][%cal Gf3d2,Gd2b3]}
)) 26... Qc1 27. Nfd2 {[%cal Ge4f4]} Rf8 28. Rxf4 gxf4 29. Qg7 $18) 24. Rxe6 $1
$18 {The elegant solution!} Nxe6 25. Qg4 Rd1+ 26. Kh2 $1 {Now game is over.}
Kb8 27. Qxe6 Rdd8 (27... Rxc1 28. Qe5+ {[%cal Ge5h8] With mate in few moves.})
28. Nd4 Qd3 (28... Qb4 29. Qe5+ Ka8 30. Ne6 $18) (28... Rxd4 29. Qe5+ $1 {
[%cal Ge5h8]}) 29. Qe5+ Kc8 (29... Ka8 30. Nb6+ axb6 31. Ra1+ Qa6 32. Ne6 $18)
30. Nd6+ Kd7 31. Qe6+ Kc7 32. Qe7+ 1-0

[Event "Petrov Memorial op"]
[Site "St Petersburg"]
[Date "2000.02.10"]
[Round "4"]
[White "Kovalevskaya, Ekaterina"]
[Black "Chernyshov, Konstantin"]
[Result "1/2-1/2"]
[WhiteElo "2451"]
[BlackElo "2544"]
[Annotator "Avrukh,B"]
[PlyCount "105"]
[EventDate "2000.02.05"]
[EventType "swiss"]
[EventRounds "9"]
[EventCountry "RUS"]
[SourceTitle "CBM 076"]
[Source "ChessBase"]
[SourceDate "2000.05.31"]
[SourceVersion "1"]
[SourceVersionDate "2000.05.31"]
[SourceQuality "1"]

1. e4 {Finkel,A} c5 2. Nf3 Nc6 3. Bb5 b6 {Interesting continuation,which
totally pays off if white takes on c6.} 4. Bxc6 $6 (4. O-O $5 {White may cause
black more troubles after} Bb7 5. c3 Nf6 6. Re1 g6 7. d4 cxd4 8. cxd4 Rc8 9.
Nc3 $16 {1-0 Panus,V-Buskov/Chisinau op 1993 (28)}) 4... dxc6 5. d3 (5. O-O g6
6. a4 Bg7 7. d3 a5 8. Nbd2 Nf6 9. Qe1 O-O 10. h3 Nh5 11. Nc4 $14 {1/2-1/2
Badestein,H-Poppner,D/OLNO 1993 (48)}) 5... g6 6. Nc3 (6. Bd2 Bg7 7. Bc3 Nf6 8.
O-O O-O 9. Bxf6 $6 Bxf6 10. e5 Bg7 11. Qe2 Bg4 12. Re1 Qd5 $15 {1/2-1/2
Salvage,T-Thorpe,R/Belconnen-ch 1993 (30)}) 6... Bg7 7. h3 (7. Bf4 $5 Nf6 (7...
Bg4 8. h3 Bxf3 9. Qxf3 Nf6 10. O-O O-O 11. Be5 Ne8 12. Bxg7 Nxg7 13. Qg3 $14)
8. h3 O-O 9. Qd2 Re8 10. Be5 $14) 7... e5 8. a4 h6 9. Be3 Be6 10. a5 Ne7 11.
Qd2 f5 $132 {It's clear that black has managed to solve opening problems quiet
successfully.} 12. exf5 Nxf5 (12... gxf5 13. Qe2 $1 Nd5 14. Bd2 $1 Qd6 15. axb6
Nxb6 16. O-O O-O 17. Rfe1 $16) 13. O-O O-O 14. Ne4 Bd5 15. c4 (15. Rfe1 Kh7)
15... Bxe4 (15... Be6 16. Ra3 Nxe3 17. Qxe3 Qd7 18. Rfa1 Rad8 19. axb6 axb6 $13
) 16. dxe4 Qxd2 17. Nxd2 (17. Bxd2 $6 Nd6 $15 {[%cal Gd6c4,Gd6e4]}) 17... Nd4
$5 (17... Nxe3 18. fxe3 Rad8 19. Rxf8+ Kxf8 20. axb6 axb6 21. Nf3 b5 $13) 18.
Bxd4 (18. Ra2) 18... cxd4 $15 {Black stands slightly better,but with accurate
play white easily holds this endgame.} 19. axb6 axb6 20. Nb3 {[%cal Ga1a8,
Gf1a1]} b5 (20... Kf7) 21. c5 Ra4 $6 22. Na5 Bf6 23. b3 Rb4 24. Nxc6 Rxb3 25.
f4 $1 exf4 (25... Rc3 26. fxe5 Bg5 27. Rxf8+ Kxf8 28. Ra8+ Kf7 29. e6+ Kxe6 30.
Nxd4+ Ke5 31. Nxb5 Rxc5 $11) 26. e5 Bg7 27. Nxd4 Re3 28. Ne6 (28. Nxb5 $2 Rxe5
29. Rac1 Rb8 $1 30. Nc7 (30. Nd6 Rxc5 $1 $17) 30... Rc8 31. Na6 Re6 32. Nb4
Bd4+ 33. Kh1 Rxc5 34. Rxc5 Bxc5 35. Nd3 Bd6 $17) 28... Bxe5 29. Nxf8 Bxa1 30.
Rxa1 $11 Kxf8 31. Rb1 Rc3 32. Rxb5 Kf7 33. Kf2 Kf6 34. Rb6+ Kg5 35. Rc6 Kh5 36.
Rc8 Kh4 37. c6 g5 38. c7 h5 39. Kf1 Rc2 40. Ke1 Rc1+ (40... Rxg2 41. Rd8 Rc2
42. c8=Q Rxc8 43. Rxc8 Kxh3 44. Kf2 Kg4 45. Rc5 $18) 41. Kf2 Rc4 42. Kf1 Rc5
43. Kf2 Rc3 44. Kf1 f3 45. gxf3 Rxf3+ 46. Kg2 Rc3 47. Kf2 Rc2+ 48. Kf1 Rc5 49.
Kg2 Rc6 50. Kf2 Rf6+ 51. Kg2 Rf7 52. Ra8 Rxc7 53. Ra4+ 1/2-1/2